Municipios de la Comunidad de Madrid - Statistics

General Stats
  • This quiz has been taken 273 times
    48 since last reset
  • The average score is 30 of 178
Answer Stats
Answer % Correct
Madrid
95%
Alcorcón
71%
Leganés
71%
Getafe
68%
Móstoles
68%
Alcobendas
63%
Las Rozas de Madrid
63%
Parla
63%
Pozuelo de Alarcón
59%
Alcalá de Henares
54%
San Sebastián de los Reyes
54%
Fuenlabrada
51%
Pinto
51%
Majadahonda
49%
Torrelodones
46%
Valdemoro
46%
El Escorial
44%
Colmenar Viejo
41%
Torrejón de Ardoz
41%
Tres Cantos
39%
Collado Villalba
37%
Aranjuez
34%
Boadilla del Monte
34%
Navalcarnero
34%
Guadalix de la Sierra
32%
Guadarrama
32%
Villanueva de la Cañada
32%
Villaviciosa de Odón
32%
Arroyomolinos
29%
Navacerrada
29%
Coslada
27%
Rivas-Vaciamadrid
27%
Alpedrete
24%
Brunete
24%
Cercedilla
24%
Humanes de Madrid
24%
Lozoyuela-Navas-Sieteiglesias
24%
Miraflores de la Sierra
24%
Soto del Real
24%
Villanueva del Pardillo
24%
Ciempozuelos
22%
Collado Mediano
22%
Galapagar
22%
Valdemorillo
22%
Algete
20%
Arganda del Rey
20%
Buitrago del Lozoya
20%
Chinchón
20%
Hoyo de Manzanares
20%
Meco
20%
San Fernando de Henares
20%
Sevilla la Nueva
20%
Cobeña
17%
El Álamo
17%
El Molar
17%
Manzanares el Real
17%
Patones
17%
Torrejón de la Calzada
17%
Torrelaguna
17%
Cabanillas de la Sierra
15%
Cenicientos
15%
Colmenarejo
15%
El Boalo
15%
Griñón
15%
La Cabrera
15%
Moralzarzal
15%
Paracuellos de Jarama
15%
Rascafría
15%
Villaconejos
15%
Ajalvir
12%
Aldea del Fresno
12%
Becerril de la Sierra
12%
Bustarviejo
12%
Canencia
12%
Daganzo de Arriba
12%
El Berrueco
12%
Fuente el Saz del Jarama
12%
Los Molinos
12%
Lozoya
12%
Mejorada del Campo
12%
Quijorna
12%
Robledo de Chavela
12%
San Agustín del Guadalix
12%
San Martín de la Vega
12%
San Martín de Valdeiglesias
12%
Somosierra
12%
Villamantilla
12%
Cadalso de los Vidrios
10%
Camarma de Esteruelas
10%
Casarrubuelos
10%
El Vellón
10%
Loeches
10%
Morata de Tajuña
10%
Navas del Rey
10%
Pedrezuela
10%
Perales de Tajuña
10%
Pozuelo del Rey
10%
Talamanca de Jarama
10%
Torrejón de Velasco
10%
Torres de la Alameda
10%
Valdemanco
10%
Valdetorres de Jarama
10%
Velilla de San Antonio
10%
Venturada
10%
Villa del Prado
10%
Anchuelo
7%
Berzosa del Lozoya
7%
Braojos
7%
Campo Real
7%
Chapinería
7%
Colmenar de Oreja
7%
Gargantilla del Lozoya y Pinilla de Buitrago
7%
La Acebeda
7%
Montejo de la Sierra
7%
Navalafuente
7%
Robregordo
7%
Santa María de la Alameda
7%
Serranillos del Valle
7%
Valdelaguna
7%
Valdeolmos-Alalpardo
7%
Villalbilla
7%
Villamanta
7%
Villanueva de Perales
7%
Zarzalejo
7%
Alameda del Valle
5%
Ambite
5%
Batres
5%
Belmonte de Tajo
5%
Brea de Tajo
5%
Carabaña
5%
Cervera de Buitrago
5%
Colmenar del Arroyo
5%
Corpa
5%
Cubas de la Sagra
5%
El Atazar
5%
Estremera
5%
Fresno de Torote
5%
Fuentidueña de Tajo
5%
Gascones
5%
La Hiruela
5%
La Serna del Monte
5%
Madarcos
5%
Moraleja de Enmedio
5%
Navalagamella
5%
Navarredonda y San Mamés
5%
Nuevo Baztán
5%
Olmeda de las Fuentes
5%
Orusco de Tajuña
5%
Pelayos de la Presa
5%
Pezuela de las Torres
5%
Piñuécar-Gandullas
5%
Prádena del Rincón
5%
Puebla de la Sierra
5%
Puentes Viejas
5%
Robledillo de la Jara
5%
San Lorenzo de El Escorial
5%
Santorcaz
5%
Tielmes
5%
Titulcia
5%
Torremocha de Jarama
5%
Valdaracete
5%
Valdeavero
5%
Valdemaqueda
5%
Valdepiélagos
5%
Valdilecha
5%
Villar del Olmo
5%
Villarejo de Salvanés
5%
Fresnedillas de la Oliva
2%
Garganta de los Montes
2%
Horcajo de la Sierra-Aoslos
2%
Horcajuelo de la Sierra
2%
Los Santos de la Humosa
2%
Pinilla del Valle
2%
Ribatejada
2%
Rozas de Puerto Real
2%
Valverde de Alcalá
2%
Villamanrique de Tajo
2%
Villavieja del Lozoya
2%
No matching quizzes found
Score Distribution
Percent of People with Each Score
Percentile by Number Answered
Your Score History
You have not taken this quiz since the last reset